[Event "Donihue U2200 op"]
[Site "Donihue"]
[Date "2014.01.31"]
[Round "2"]
[White "Basualto Penalieres, Pedro Jaime"]
[Black "Lopez Canales, Francisco"]
[Result "1-0"]
[WhiteElo "2112"]
[BlackElo "1897"]
[PlyCount "67"]
[EventDate "2014.01.31"]
[EventType "swiss"]
[EventRounds "7"]
[EventCountry "CHI"]
[SourceTitle "EXT 2015"]
[Source "ChessBase"]
[SourceDate "2014.11.20"]
[SourceVersion "1"]
[SourceVersionDate "2014.11.20"]
[SourceQuality "1"]

1. e4 e5 2. Nf3 Nc6 3. d4 exd4 4. Nxd4 g6 5. Be3 Bg7 6. Nc3 Nge7 7. Bb5 0-0 8. 0-0 d6 9. Qd2 Ne5 10. Bh6 c5 11. Bxg7 Kxg7 12. Nf3 Nxf3+ 13. gxf3 Qc7 14. Rad1 Bh3 15. Rfe1 Rad8 16. Qf4 f6 17. Bc4 a6 18. a4 g5 19. Qg3 Bc8 20. Re2 Ng6 21. Nd5 Qc6 22. f4 b5 23. axb5 axb5 24. Ba2 h6 25. f5 Ne5 26. f4 Nf7 27. Qc3 Nh8 28. fxg5 hxg5 29. Rg2 b4 30. Rxg5+ Kh6 31. Qh3+ Kxg5 32. Kf2 Qxd5 33. Rg1+ Kf4 34. Qe3+ 1-0